LEADER 00896nam0-2200301---450- 001 990009436150403321 005 20110928144432.0 035 $a000943615 035 $aFED01000943615 035 $a(Aleph)000943615FED01 035 $a000943615 100 $a20110928d1886----km-y0itay50------ba 101 0 $ager 102 $aDE 105 $aa-------001yy 200 1 $a<>Mikroorganismen$emit besonderer Berücksichtigung der Aetiologie der Infectionskrankheiten$fC. Flügge 205 $a2., völlig umgearb. Aufl. der "Fermente und Mikroparasiten" 210 $aLeipzig$cVogel$d1886 215 $aXVIII, 692 p.$cill.$d23 cm 610 0 $aMicrorganismi 700 1$aFlügge,$bCarl$0512944 801 0$aIT$bUNINA$gRICA$2UNIMARC 901 $aBK 912 $a990009436150403321 952 $a57 A 3$b3756$fDMVAP 959 $aDMVAP 996 $aMikroorganismen$913562 997 $aUNINA LEADER 01281nam0 2200457 450 001 990001001410403321 005 20240610093237.0 035 $a000100141 035 $aFED01000100141 035 $a(Aleph)000100141FED01 100 $a20161109d1961----km y0itay50 ba 101 0 $aeng 102 $aUS 105 $aa 001yy 200 1 $a<>encyclopedia of the biological science$fedited by Peter Gray 205 $a2 nd 210 $aNew York$cReinhold Publishing Corporation$dc1961 215 $a1119 p.$d25 cm 300 $aIn testa al front.: Reinhold Book in Biological Sciences 610 0 $aScienze biologiche 610 0 $aBiofisica 610 0 $aScienze mediche 610 0 $aEnciclopedie 610 0 $aBiologia Animale 676 $a574 676 $a591.9 676 $a030$v22$zita 700 1$aGray,$bPeter$012864 801 0$aIT$bUNINA$gRICA$2UNIMARC 901 $aBK 912 $a990001001410403321 952 $aA MIC 1927$b7681/2024$fFAGBC 952 $a61 VIII B.3/07$b1496(25/09/1961)$fDAGEN 952 $a39-027$b2962$fFI1 952 $aCISME-030-GRA-1$b469$fSC1 959 $aFAGBC 959 $aFI1 959 $aDAGEN 959 $aSC1 996 $aEncyclopedia of the biological science$9354529 997 $aUNINA